00998cam a2200229 a 450000100100000000500170001000800410002702000150006804000300008308200210011310000350013424500810016926000750025030000200032550400300034558601090037565000510048465000550053591000390059095201240062999900150075300000964220200929161644.0020510s2000 ck b l001 e spa d a9588109094 aDO-SdBNPbspacDLCdBNPHU a792.09861bL241e1 aLamus Obregón, Marina.9902310aEstudios sobre la historia del teatro en Colombia /cMarina Lamus Obregón. aBogotá, Colombia :bInstituto Distrital de Cultura y Turismo,c2000. a54 p. ;c24 cm. aBibliografía: p. 49-51. aMención al concurso de ensayo crítico, teórico o crítico : El arte colombiano de fin de milenio. 4aTeatro colombianoxHistoria y crítica924515 4aLiteratura colombianaxHistoria y crítica917628 aValidado. Control de calidad BNPHU 001054708MOaGRbGRcCTd2009-09-30iLF1l0o792.09861 L241ep9642-10r2020-06-25w2020-06-25y4ZPréstamo en sala c9402d9402